os Maias Eça de Queirós (Record no. 44892)
[ view plain ]
| 000 -Etiqueta do registo | |
|---|---|
| Valores | 00440nam a2200169 4500 |
| 100 ## - Dados gerais de processamento | |
| Dados gerais | 20251006 pory50 |
| 101 ## - Língua de publicação | |
| Língua | por |
| 102 ## - País de publicação | |
| País | PT |
| 200 ## - Titulo e menção de responsabilidade | |
| Título próprio | os Maias Eça de Queirós |
| Informação de outro título | Ensino secundário |
| Primeira menção de responsabilidade | organizado por professores |
| 210 ## - Publicação | |
| Local de publicação | [Porto] |
| Nome do editor | Grupo Porto Editora , ideias de ler |
| Data de publicação | [D.l. 2009] |
| 215 ## - Descrição física | |
| Paginação / Volumes | 64 p. |
| 225 ## - Colecção | |
| Título próprio da colecção | Resumos |
| 675 ## - CDU | |
| Notação | 82.09(07) |
| 801 ## - Fonte de origem | |
| País | PT |
| Regras de catalogação | RPC |
| 990 ## - Elementos KOHA | |
| Tipo de documento | Livro |
| Aquisição | Empréstimo | Código de barras | Cota | Permissão de empréstimo | Tipo de documento |
|---|---|---|---|---|---|
| Biblioteca Escolar Doutor Hernâni Cidade | Biblioteca Escolar Doutor Hernâni Cidade | 81023 | 82.09(07) AA.VV. MAIAS | Livro |